000 00445nam a2200169Ia 4500
005 20250508163506.0
008 008 250505s9999 xx 000 0 eng d
037 _aTextual
040 _aFEDL
_beng
_cFEDL
041 _aeng
_2eng
084 _a916, UNE
_qFEDL
245 0 _aAfrican geography for schools : A handbook for teachers
260 _c1974
300 _a309p.
942 _cTEXL
_h916, UNE
999 _c1383663
_d1383663